Szczegóły MARC21

Mechanizmy funkcjonowania strefy euro /

003 -Nazwa inst., której nr kontr. jest w polu 001 [,]
    • @
    • Nazwa instytucji, której n kontrolny jest w polu 001
    • NUKAT
005 -DATA I CZAS OSTATNIEJ MODYFIKACJI [,]
    • @
    • pole kontrolne
    • 20241231091229.0
020 -Międzynarod. znormalizowany nr książki - ISBN [ , ]
    • a
    • Numer ISBN
    • 9788393213801 Find
040 -Instytucja sporządzająca opis [ , ]
    • a
    • Instytucja, która sporządziła opis (NP)
    • WA LAZ/AZ
    • c
    • Instytucja, która sporządziła rekord (NP)
    • WA LAZ/AZ
942 -Rodzaj dokumentu [ , ]
    • c
    • Rodzaj dokumentu
    • Książka
245 -Strefa tytułu i oznaczenia odpowiedzialności [0,0]
    • a
    • Tytuł
    • Mechanizmy funkcjonowania strefy euro / Find
    • c
    • Pozostałe elementy strefy tytułu i oznaczenia odpowiedzialności (NP)
    • [oprac. pod red. Pawła Kowalewskiego, Grzegorza Tchorka, Jarosława Górskiego].
250 -Strefa wydania [ , ]
    • a
    • Oznaczenie wydania (NP)
    • Wyd. 3.
260 -Strefa adresu wydawniczego [ , ]
    • a
    • Miejsce wydania (P)
    • Warszawa :
    • b
    • Nazwa wydawcy (P)
    • Narodowy Bank Polski,
    • c
    • Data wydania (P)
    • 2012.
300 -Strefa opisu fizycznego [ , ]
    • a
    • Określenie formy książki i/lub objętość (NP)
    • 288 s. :
    • b
    • Oznaczenie ilustracji (NP)
    • il. ;
    • c
    • Format (NP)
    • 24 cm.
336 -Typ zawartości [ , ]
    • a
    • Termin opisujący typ zawartości
    • Tekst
    • b
    • Kod określający zawartość
    • txt
    • 2
    • Źródło (terminu i kodu)
    • rdacontent
337 -Typ mediów [ , ]
    • a
    • Tryb odtwarzania
    • Bez urządzenia pośredniczącego
    • b
    • Kod typu mediów
    • n
    • 2
    • Źródło (terminu i kodu)
    • rdamedia
338 -Typ/rodzaj nośnika [ , ]
    • a
    • Hasło opisujące typ nośnika
    • Wolumin
    • b
    • Kod typu nośnika
    • nc
    • 2
    • Źródło (terminu i kodu)
    • rdacarrier
504 -Uwaga dot. bibliogr. załącznikowej [ , ]
    • a
    • Uwaga dot. bibliografii załącznikowej
    • Bibliogr. przy rozdz. Indeks.
080 -Uniwersalna Klasyfikacja Dziesiętna [ , ]
    • 2
    • Identyfikator wydania tablic
    • UDC-P058
    • 9
    • UKD
    • 3185
    • a
    • Symbol klasyfikacji
    • 336.744(4-67)
    • b
    • Dopowiedzenie
    • Euro.
080 -Uniwersalna Klasyfikacja Dziesiętna [ , ]
    • 2
    • Identyfikator wydania tablic
    • UDC-P058
    • 9
    • UKD
    • 3339
    • a
    • Symbol klasyfikacji
    • 339.923
    • b
    • Dopowiedzenie
    • Unie gospodarcze. Wspólnoty gospodarcze. Bloki gospodarcze.
    • 4
    • UKD2
    • 7975
    • x
    • Poddział wspólny
    • (4-67)
    • c
    • Dopowiedzenie poddz. wspólnego
    • (Kraje Unii Europejskiej).
080 -Uniwersalna Klasyfikacja Dziesiętna [ , ]
    • 2
    • Identyfikator wydania tablic
    • UDC-P058
    • 9
    • UKD
    • 2904
    • a
    • Symbol klasyfikacji
    • 327.39(4-67)
    • b
    • Dopowiedzenie
    • Integracja europejska.
650 -Hasło przedmiotowe [ ,7]
    • a
    • Hasło przedmiotowe
    • Europejska Unia Gospodarczo-Walutowa.
    • 2
    • Źródło terminu
    • kaba
    • 9
    • KHW
    • 142311
650 -Hasło przedmiotowe [ ,7]
    • a
    • Hasło przedmiotowe
    • Strefa euro.
    • 2
    • Źródło terminu
    • kaba
    • 9
    • KHW
    • 149679
650 -Hasło przedmiotowe [ ,7]
    • a
    • Hasło przedmiotowe
    • Strefa euro
    • x
    • Określnik rzeczowy
    • prognozy.
    • 2
    • Źródło terminu
    • kaba
    • 9
    • KHW
    • 369930
980 -Symbol UKD [ , ]
    • a
    • UKD
    • 336.744(4-67):339.923(4-67):327.39(4-67)
700 -Hasło dodatkowe - nazwa osobowa [1, ]
    • a
    • Nazwa osobowa (NP)
    • Kowalewski, Paweł. Find
    • e
    • Określenie rodzaju współpracy
    • Red.
    • 9
    • KHW
    • 26125
700 -Hasło dodatkowe - nazwa osobowa [1, ]
    • a
    • Nazwa osobowa (NP)
    • Tchorek, Grzegorz. Find
    • e
    • Określenie rodzaju współpracy
    • Red.
    • 9
    • KHW
    • 26131
700 -Hasło dodatkowe - nazwa osobowa [1, ]
    • a
    • Nazwa osobowa (NP)
    • Górski, Jarosław Find
    • c
    • Dopowiedzenie inne niż daty biograficzne (NP)
    • (ekonomia).
    • e
    • Określenie rodzaju współpracy
    • Red.
    • 9
    • KHW
    • 65399
920 -ISBN [ , ]
    • a
    • ISBN
    • 978-83-932138-0-1 Find
Status udost. Numer inwentarzowy Data inwentaryzacji Lokalizacja
-3TM.113672014-06-13T
-3TM.113682014-06-13T
-3TM.113692014-06-13T
-3TM.113702014-06-13T
-3TM.113712014-06-13T
-3TM.113722014-06-13T
-3TM.113732014-06-13T
-3TM.113742014-06-13T
-3TM.113752014-06-13T
-3TM.113762014-06-13T
-3TM.113772014-06-13T
-3TM.113782014-06-13T
-3TM.113792014-06-13T
-3TM.113802014-06-13T
-3TM.113812014-06-13T
-3TM.113822014-06-13T
-3TM.113832014-06-13T
-3TM.113842014-06-13T
-3TM.113852014-06-13T
-3TM.113862014-06-13T
-3TM.113872014-06-13T
-3TM.113882014-06-13T
-3TM.113892014-06-13T
-3TM.113902014-06-13T
-3TM.113912014-06-13T
-3TM.113922014-06-13T
-3TM.113932014-06-13T
-3TM.113942014-06-13T
-3TM.113952014-06-13T
-3TM.113962014-06-13T